Copia de una carta del Padre Cristóbal de los Cobos, Provincial de Castilla, para el padre Pedro de Guzmán, Rector del Colegio de Segovia

Detalles Bibliográficos
Otros Autores: Christoval de los Cobos, Pedro de Guzman
Formato: Libro
Publicado: Valladolid, 1607
Materias:
Colección:Banco de datos
Acervo:Biblioteca Palafoxiana. Colección de Manuscritos
Descripción Física:1 f. ; 21 x 30 cm.
Tema general:Civil
LEADER 00517nam a22001570004500
035 |a 1426 
245 1 0 |a Copia de una carta del Padre Cristóbal de los Cobos, Provincial de Castilla, para el padre Pedro de Guzmán, Rector del Colegio de Segovia 
260 |a Valladolid, 1607 
300 |a 1 f. ; 21 x 30 cm.  
650 1 0 |a Civil 
700 1 |a Christoval de los Cobos 
700 1 |a Pedro de Guzman 
949 |a 32280/181 
942 |c PALAMANU 
943 |g Biblioteca Palafoxiana. Colección de Manuscritos 
999 |c 1069371  |d 1069371